Normal view
MARC view
- Zerwekh Joann & Claborn J
Entry Personal Name
001 - CONTROL NUMBER
- control field: 177276
003 - CONTROL NUMBER IDENTIFIER
- control field: OSt
005 - DATE AND TIME OF LATEST TRANSACTION
- control field: 20230314152158.0
008 - FIXED-LENGTH DATA ELEMENTS
- fixed length control field: 230314|| aca||aabn | a|a d
040 ## - CATALOGING SOURCE
- Original cataloging agency: OSt
- Transcribing agency: OSt
100 ## - HEADING--PERSONAL NAME
- Personal name: Zerwekh Joann & Claborn J
670 ## - SOURCE DATA FOUND
- Source citation: Work cat.: (OSt)137255: Zerwekh Joann & Claborn J, Nursing Today : Transition and trends, 2003